000 01498nam a2200445 c 4500
001 23383
003 ES-MaCES
005 20141221122837.0
008 101118s2009 sp ad t 000 | spa d
017 _aS 1437-2009
_bDL
020 _a9788475069180
035 _aCES20100009098m
040 _aES-MaCES
_bspa
_cES-MaCES
041 1 _aspa
_heng
100 1 _aWilkinson, Richard
_926286
245 1 0 _aDesigualdad
_b: un análisis de la (in)felicidad colectiva
_cRichard Wilkinson y Kate Pickett ; traducción de Laura Vidal
250 _a1ª ed
260 _aMadrid
_bTurner
_c2009
300 _a315 p.
_bil., gráf. bl. y n.
_c22 cm
490 1 _aColección Noema
500 _aTraducción de: Spirit level, why equal societies almost always do better
541 _cCompra
650 4 _adesigualdad social
_930789
650 4 _adesigualdad económica
_929371
650 4 _apobreza
_927112
650 4 _aevaluación del impacto
_930732
650 4 _acondiciones de vida
_927111
650 4 _asociedad
_927269
650 4 _apolítica social
_927029
650 4 _aigualdad de oportunidades
_927183
650 4 _ainvestigación sociológica
_927260
653 1 0 _aAsuntos Sociales
700 1 _aPickett, Kate
_920995
700 1 _aVidal, Laura
_etr.
_925815
740 0 2 _aSpirit level, why more equal societies almost always do better
830 0 _aColección Noema
_934562
902 _aLIB Libro
942 _2CES
_cBK
_h3.3.
999 _c23383
_d23383